Por un cigarro (Record no. 161530)

MARC details
000 -LEADER
campo de control de longitud fija 00775nam a22001695i 4500
001 - NÚMERO DE CONTROL
campo de control 161530
003 - IDENTIFICADOR DE NÚMERO DE CONTROL
campo de control ES-MaACL
005 - FECHA Y HORA DE LA ÚLTIMA TRANSACCIÓN
campo de control 20230906212315.0
008 - DATOS DE LONGITUD FIJA--INFORMACIÓN GENERAL
campo de control de longitud fija 041020s1873 sp |||| | spa d
040 ## - FUENTE DE CATALOGACIÓN
Centro catalogador/agencia de origen CAM
Lengua de catalogación spa
Centro/agencia transcriptor CAM
100 1# - ENTRADA PRINCIPAL--NOMBRE DE PERSONA
Nombre de persona Pastorfido, Miguel.
9 (RLIN) 89537
245 10 - MENCIÓN DEL TÍTULO
Título Por un cigarro
Resto del título : juguete cómico en un acto y en verso /
Mención de responsabilidad, etc. de Miguel Pastorfido.
260 ## - PUBLICACIÓN, DISTRIBUCIÓN, ETC.
Lugar de publicación, distribución, etc. Madrid :
Nombre del editor, distribuidor, etc. [s.n.],
Fecha de publicación, distribución, etc. 1873 (
Fabricante Imprenta de Bernardino y Cao)
300 ## - DESCRIPCIÓN FÍSICA
Extensión 24 p. ;
Dimensiones 18 cm.
500 ## - NOTA GENERAL
Nota general En port.: Estrenado en Madrid en el Teatro del Circo, con muy buen éxito, en el mes de Noviembre de 1868.
852 ## - LOCALIZACIÓN
Ubicación ES-MaACL
Número de control de estantería F-8559(6)
Nota libre -- Enc. pasta española
condición física -- Falto de la cub. original
Nota libre -- Enc. en un vol. facticio formando parte de la col. facticia "Teatro español moderno", v. 11
Holdings
Estatus retirado Estado de pérdida Estado de daño No para préstamo Colección Biblioteca de origen Biblioteca actual Ubicación en estantería Fecha de adquisición Total de préstamos Signatura topográfica completa Código de barras Visto por última vez Precio de reemplazo Tipo de ítem Koha
        Libros del s. XIX Biblioteca del Ateneo de Madrid Biblioteca del Ateneo de Madrid Sala Pecera Planta 2 17/01/2008   F-8559(6) 1169199 23/02/2023 23/02/2023 Libro impreso antiguo